Slovinsko - nielen rozprávka o hospodárskom úspechu

Predseda Hospodárskej komory Slovinskej republiky Jožka Čuk o medzinárodných hospodárskych vzťahoch Slovinska po osamostatnení. Možnosti spolupráce Slovinska so Slovenskom v prepojení na obchodné a priemyselné komory. Hodnotenie slovinského hospodárstva z pohľadu makroekonomických ukazovateľov.

Gespeichert in:
Bibliographische Detailangaben
1. Verfasser: Čuk, J.
Weitere Verfasser: Kasalovský, P., Lörincz, J.
Format: Buchkapitel
Sprache:Slowakisch
Schlagworte:
Tags: Tag hinzufügen
Keine Tags, Fügen Sie das erste Tag hinzu!

MARC

LEADER 00000naa a2200000 4500
001 r019154
005 20221205102046.2
041 0 |a slo 
044 |a SK 
245 1 0 |a Slovinsko - nielen rozprávka o hospodárskom úspechu  |c J. Čuk, P. Kasalovský, J. Lörincz 
520 |a Predseda Hospodárskej komory Slovinskej republiky Jožka Čuk o medzinárodných hospodárskych vzťahoch Slovinska po osamostatnení. Možnosti spolupráce Slovinska so Slovenskom v prepojení na obchodné a priemyselné komory. Hodnotenie slovinského hospodárstva z pohľadu makroekonomických ukazovateľov. 
610 2 0 |a Slovinsko 
610 2 0 |a Slovensko 
610 2 0 |a vzťahy hospodárske medzinárodné 
610 2 0 |a spolupráca hospodárska medzinárodná 
610 2 0 |a ukazovatele ekonomické 
610 2 0 |a makroekonomika 
610 2 0 |a komory hospodárske 
100 1 |a Čuk, J. 
700 1 |a Kasalovský, P. 
700 1 |a Lörincz, J.